Nové devizové předpisy

Gespeichert in:
Bibliographische Detailangaben
1. Verfasser: Jurček, Břetislav
Format: Buch
Sprache:Tschechisch
Veröffentlicht: Praha Orbis 1972
Tags: Tag hinzufügen
Keine Tags, Fügen Sie das erste Tag hinzu!

MARC

LEADER 00000nam a2200000 4500
001 c121575
005 20041019155222.8
041 0 |a cze 
044 |a CZ 
245 1 0 |a Nové devizové předpisy  |c Břetislav Jurček 
264 1 |a Praha  |b Orbis  |c 1972 
300 |a 466 s. 
100 1 |a Jurček, Břetislav